| 000 | 00363nam a2200133 a 4500 | ||
|---|---|---|---|
| 001 | 4044 | ||
| 005 | 20140414131902.0 | ||
| 008 | 081121s19uu xx 00 eng d | ||
| 050 |
_aFIC _bD34 1990 |
||
| 100 | _aDe Clements, Barthe | ||
| 245 |
_aNothing's fair in fifth grade / _cBarthe De Clements. |
||
| 260 |
_aNew York : _bPenguin Book, _c1981. |
||
| 999 |
_c110714 _d110714 |
||